[Event "Bryansk Zilberstein Memorial 5th"]
[Site "Bryansk"]
[Date "2021.07.29"]
[Round "1"]
[White "Arkhipenko, Daniil"]
[Black "Zvjaginsev, Vadim"]
[Result "0-1"]
[WhiteElo "2163"]
[BlackElo "2608"]
[PlyCount "138"]
[EventDate "2021.07.29"]
[EventType "swiss (rapid)"]
[EventRounds "11"]
[EventCountry "RUS"]
[SourceTitle "CBM 203 Extra"]
[Source "ChessBase"]
[SourceDate "2021.09.30"]
[SourceVersion "1"]
[SourceVersionDate "2021.09.30"]
[SourceQuality "1"]

1. d4 d6 2. g3 g6 3. Bg2 Bg7 4. e4 Nf6 5. Ne2 0-0 6. 0-0 e5 7. Nbc3 Nc6 8. d5 Ne7 9. h3 c6 10. a4 cxd5 11. exd5 Bd7 12. a5 Nf5 13. Kh2 Rc8 14. Bg5 h6 15. Bxf6 Qxf6 16. Ne4 Qe7 17. Qd3 h5 18. c4 Nh6 19. c5 dxc5 20. d6 Qd8 21. Rfc1 b6 22. axb6 axb6 23. Ra7 Nf5 24. b4 c4 25. Rxc4 Bb5 26. Rxc8 Bxd3 27. Rxd8 Rxd8 28. N2c3 Bxe4 29. Nxe4 Nxd6 30. Nxd6 Rxd6 31. Ra2 Rd4 32. b5 Bf8 33. Bf1 Bc5 34. Kg2 Kg7 35. Re2 e4 36. Rc2 f5 37. Be2 Kf6 38. Ra2 Ke5 39. Kf1 Rb4 40. Kg2 Rb1 41. Rc2 Kd4 42. Rc4+ Kd5 43. Rc2 Ke5 44. Rd2 Ra1 45. Rc2 Ra3 46. Rb2 Rc3 47. Ra2 Be7 48. Rb2 h4 49. gxh4 Bxh4 50. Ra2 Be7 51. Rd2 Bc5 52. Ra2 Rb3 53. Rc2 Ra3 54. Rb2 Kf6 55. Rc2 Ke5 56. Rb2 Rc3 57. Ra2 Kf6 58. Rb2 Kg5 59. Ra2 Kh4 60. Ra7 f4 61. Rh7+ Kg5 62. h4+ Kf6 63. Bg4 f3+ 64. Kg3 Bd6+ 65. Kh3 Rc1 66. Bd7 Rh1+ 67. Kg4 Rg1+ 68. Kh3 e3 69. Be8 exf2 0-1

[Event "Sochi Amateur op 6th"]
[Site "Sochi"]
[Date "2019.04.12"]
[Round "8"]
[White "Chernov, Mikhail"]
[Black "Arkhipenko, Daniil"]
[Result "0-1"]
[WhiteElo "2266"]
[BlackElo "2160"]
[PlyCount "52"]
[EventDate "2019.04.07"]
[EventType "swiss"]
[EventRounds "9"]
[EventCountry "RUS"]
[SourceTitle "CBM 189 Extra"]
[Source "ChessBase"]
[SourceDate "2019.05.31"]
[SourceVersion "1"]
[SourceVersionDate "2019.05.31"]
[SourceQuality "1"]

1. e4 e6 2. d4 d5 3. Nc3 Bb4 4. Qd3 dxe4 5. Qxe4 Nf6 6. Qh4 0-0 7. Bd3 Nbd7 8. Bg5 h6 9. Bd2 Nd5 10. Qe4 N7f6 11. Qf3 Re8 12. a3 Bxc3 13. bxc3 e5 14. dxe5 Rxe5+ 15. Kf1 Re8 16. h3 Be6 17. Ne2 c5 18. Kg1 Nb6 19. Rd1 c4 20. Bxh6 Kf8 21. Nf4 cxd3 22. Bxg7+ Kxg7 23. Rxd3 Nbd7 24. Nh5+ Kf8 25. Rxd7 Nxd7 26. Qf4 Qa5 0-1

[Event "RUS GP rap"]
[Site "Serpukhov"]
[Date "2018.02.24"]
[Round "10"]
[White "Smirnov, Timofey"]
[Black "Arkhipenko, Daniil"]
[Result "1-0"]
[WhiteElo "2324"]
[BlackElo "2143"]
[PlyCount "92"]
[EventDate "2018.02.23"]
[EventType "swiss (rapid)"]
[EventRounds "11"]
[EventCountry "RUS"]
[SourceTitle "CBM 183 Extra"]
[Source "ChessBase"]
[SourceDate "2018.04.19"]
[SourceVersion "1"]
[SourceVersionDate "2018.04.19"]
[SourceQuality "1"]

1. e4 e6 2. d4 d5 3. Nc3 Bb4 4. e5 b6 5. a3 Bxc3+ 6. bxc3 Ne7 7. Ne2 Ba6 8. g3 Qd7 9. a4 Nbc6 10. Bg2 Na5 11. 0-0 Qc6 12. Ba3 Bxe2 13. Qxe2 Qxc3 14. Bxe7 Kxe7 15. Rad1 h5 16. f4 g6 17. Rd3 Qc4 18. h3 Rh7 19. g4 hxg4 20. hxg4 Rah8 21. Qd2 Qxa4 22. f5 gxf5 23. Qg5+ Kd7 24. gxf5 Kc8 25. fxe6 fxe6 26. Qg4 Qd7 27. Rh3 Kb7 28. Rxh7 Rxh7 29. Rf6 Re7 30. Kf2 Nc4 31. Bh3 a5 32. Qg6 Rg7 33. Bxe6 Rxg6 34. Bxd7 Rxf6+ 35. exf6 Nd6 36. Ke2 c6 37. Be6 a4 38. Kd1 a3 39. Kc1 Nb5 40. f7 Nxd4 41. Bg4 a2 42. Kb2 Nxc2 43. Kxa2 Nb4+ 44. Kb1 Ka6 45. f8Q Kb5 46. Be2+ Ka4 1-0

[Event "Cheliabinsk Kibizov Memorial 6th"]
[Site "Cheliabinsk"]
[Date "2011.06.30"]
[Round "7"]
[White "Arkhipenko, Daniil"]
[Black "Shnayder, Violetta"]
[Result "1/2-1/2"]
[WhiteElo "2203"]
[BlackElo "1870"]
[PlyCount "104"]
[EventDate "2011.06.24"]
[EventType "swiss"]
[EventRounds "9"]
[EventCountry "RUS"]
[SourceTitle "EXT 2022"]
[Source "ChessBase"]
[SourceDate "2021.10.06"]
[SourceVersion "1"]
[SourceVersionDate "2021.10.06"]
[SourceQuality "1"]

1. d4 Nf6 2. Nf3 g6 3. Nc3 Bg7 4. e4 d6 5. Bg5 h6 6. Be3 0-0 7. h3 Nbd7 8. Qd2 Kh7 9. 0-0-0 Qe8 10. e5 dxe5 11. dxe5 Ng8 12. Nd5 Qd8 13. e6 fxe6 14. Nf4 c5 15. Bxc5 Qe8 16. Bb5 a6 17. Bxd7 Bxd7 18. Qxd7 Rxf4 19. Qxe8 Rxe8 20. Bd4 Bxd4 21. Rxd4 e5 22. Rxf4 exf4 23. Rd1 Nf6 24. Ne5 Kg7 25. Rd4 g5 26. a4 Rc8 27. c3 Rc5 28. Nd7 Rc7 29. Nxf6 Kxf6 30. Kd2 Kf5 31. f3 h5 32. Rd5+ e5 33. Kd3 Rg7 34. Rd8 g4 35. hxg4+ hxg4 36. Rf8+ Ke6 37. Ke4 gxf3 38. gxf3 Rg2 39. Re8+ Kf6 40. b4 Re2+ 41. Kd5 Re3 42. c4 Rd3+ 43. Kc5 Rxf3 44. b5 axb5 45. cxb5 Ra3 46. Kb4 Rh3 47. a5 Rh7 48. Kc5 Rc7+ 49. Kd5 f3 50. Re6+ Kf5 51. Rxe5+ Kg4 52. Kd6 Rf7 1/2-1/2

[Event "Cheliabinsk Kibizov Memorial 6th"]
[Site "Cheliabinsk"]
[Date "2011.06.29"]
[Round "6"]
[White "Arkhipenko, Daniil"]
[Black "Filippov, Alexey"]
[Result "1-0"]
[WhiteElo "2203"]
[BlackElo "2067"]
[PlyCount "55"]
[EventDate "2011.06.24"]
[EventType "swiss"]
[EventRounds "9"]
[EventCountry "RUS"]
[SourceTitle "EXT 2022"]
[Source "ChessBase"]
[SourceDate "2021.10.06"]
[SourceVersion "1"]
[SourceVersionDate "2021.10.06"]
[SourceQuality "1"]

1. d4 d5 2. c4 c6 3. Nf3 Nf6 4. e3 e6 5. Bd3 Nbd7 6. 0-0 Bd6 7. Nc3 0-0 8. Qc2 dxc4 9. Bxc4 b5 10. Bd3 Bb7 11. Rd1 Qe7 12. Bd2 Rac8 13. Rac1 a6 14. Ne4 Nxe4 15. Bxe4 f5 16. Bd3 c5 17. dxc5 Nxc5 18. Be2 Be4 19. Qc3 Bxf3 20. Bxf3 Ne4 21. Qxc8 Bxh2+ 22. Kf1 Rxc8 23. Rxc8+ Kf7 24. Bxe4 fxe4 25. g3 Qd7 26. Rcc1 e5 27. Kg2 Qf5 28. Be1 1-0

[Event "UrFO-ch op"]
[Site "Cheliabinsk"]
[Date "2011.03.24"]
[Round "7"]
[White "Kholopov, Alexander A"]
[Black "Arkhipenko, Daniil"]
[Result "1-0"]
[WhiteElo "2292"]
[BlackElo "2172"]
[PlyCount "85"]
[EventDate "2011.03.19"]
[EventType "swiss"]
[EventRounds "9"]
[EventCountry "RUS"]
[SourceTitle "EXT 2012"]
[Source "ChessBase"]
[SourceDate "2011.11.24"]
[SourceVersion "1"]
[SourceVersionDate "2011.11.24"]
[SourceQuality "1"]

1. d4 f5 2. g3 Nf6 3. Bg2 g6 4. Nf3 Bg7 5. 0-0 0-0 6. b3 d6 7. Bb2 c6 8. c4 Qe8 9. Nbd2 Na6 10. a3 Rb8 11. Qc2 b5 12. Rac1 Bd7 13. Ba1 h6 14. Rfe1 Qf7 15. e4 fxe4 16. Nxe4 Nxe4 17. Qxe4 bxc4 18. bxc4 Rb3 19. Nh4 e5 20. Qxg6 Qxf2+ 21. Kh1 Rf6 22. Qe4 Rxa3 23. Rc2 Bf5 24. Nxf5 Qxf5 25. Rd2 Qxe4 26. Bxe4 Rf8 27. dxe5 Nc5 28. Bxc6 Nb3 29. Bb2 Nxd2 30. Bxa3 Bxe5 31. c5 Rf6 32. Bd5+ Kf8 33. c6 Nf3 34. Rf1 Ke7 35. Rxf3 Rxf3 36. Bxf3 Kd8 37. Bd5 a5 38. Kg2 Kc7 39. g4 Bd4 40. h4 Bf6 41. Kg3 Be7 42. Bc1 Bf8 43. Kf4 1-0

[Event "UrFO-ch op"]
[Site "Cheliabinsk"]
[Date "2011.03.22"]
[Round "5"]
[White "Eryshkanova, Anastasiya"]
[Black "Arkhipenko, Daniil"]
[Result "1-0"]
[WhiteElo "2140"]
[BlackElo "2172"]
[PlyCount "83"]
[EventDate "2011.03.19"]
[EventType "swiss"]
[EventRounds "9"]
[EventCountry "RUS"]
[SourceTitle "EXT 2012"]
[Source "ChessBase"]
[SourceDate "2011.11.24"]
[SourceVersion "1"]
[SourceVersionDate "2011.11.24"]
[SourceQuality "1"]

1. e4 d6 2. d4 g6 3. Nc3 Bg7 4. Be3 c6 5. a4 a5 6. g3 Nd7 7. Bg2 Ngf6 8. h3 0-0 9. Nge2 Qc7 10. 0-0 e5 11. g4 Re8 12. Qd2 b6 13. Rad1 exd4 14. Bxd4 Ne5 15. b3 Bf8 16. f4 Nexg4 17. hxg4 Nxg4 18. Qd3 h5 19. Qf3 Bh6 20. Ng3 Qd8 21. Nh1 Ba6 22. Rfe1 Qh4 23. Qh3 Qxh3 24. Bxh3 Bxf4 25. Bxg4 hxg4 26. Bxb6 f5 27. Bxa5 Be5 28. Nb1 Ra7 29. Bc3 Bf4 30. exf5 Rxe1+ 31. Rxe1 gxf5 32. Re6 Rf7 33. Nd2 c5 34. Nf1 Ra7 35. Rg6+ Kf7 36. Rf6+ Ke7 37. Rxf5 Bxf1 38. Rxf4 Bh3 39. Ng3 d5 40. Rf5 Ke6 41. Rf6+ Kd7 42. Be5 1-0

[Event "Cheliabinsk-ch"]
[Site "Cheliabinsk"]
[Date "2011.02.26"]
[Round "1"]
[White "Mutav, Vladimir"]
[Black "Arkhipenko, Daniil"]
[Result "0-1"]
[WhiteElo "1817"]
[BlackElo "2155"]
[PlyCount "94"]
[EventDate "2011.02.26"]
[EventType "swiss"]
[EventRounds "9"]
[EventCountry "RUS"]
[SourceTitle "CBM 141 Extra"]
[Source "ChessBase"]
[SourceDate "2011.05.03"]
[SourceVersion "1"]
[SourceVersionDate "2011.05.03"]
[SourceQuality "1"]

1. d4 f5 2. Nf3 Nf6 3. Bg5 e6 4. Bxf6 Qxf6 5. e3 d5 6. c4 c6 7. Nc3 Bd6 8. c5 Bc7 9. g3 0-0 10. Bg2 Nd7 11. 0-0 e5 12. dxe5 Nxe5 13. Nxe5 Bxe5 14. Rc1 Be6 15. a3 d4 16. f4 dxc3 17. fxe5 Qxe5 18. Rxc3 Rad8 19. Qc1 Rf7 20. Re1 Rfd7 21. e4 Rd2 22. exf5 Qd4+ 23. Rce3 Bxf5 24. Qc3 Qxc3 25. bxc3 Rd1 26. Re8+ Rxe8 27. Rxd1 Kf7 28. Rf1 Kg6 29. h4 Re5 30. Rf4 Rxc5 31. g4 Bc2 32. Rf2 Bd1 33. Be4+ Kh6 34. Rf5 Rxf5 35. Bxf5 g6 36. Bc8 b6 37. Kf2 g5 38. h5 Kg7 39. Ke3 h6 40. Kd4 Kf6 41. c4 Bf3 42. Bf5 c5+ 43. Ke3 Bc6 44. Bd3 Ke5 45. Bc2 Bd7 46. Bd1 Be6 47. Be2 a6 0-1

[Event "Moscow op-E"]
[Site "Moscow"]
[Date "2011.02.04"]
[Round "7.85"]
[White "Arkhipenko, Daniil"]
[Black "Savitskiy, Sergey"]
[Result "1/2-1/2"]
[WhiteElo "2155"]
[BlackElo "2359"]
[PlyCount "107"]
[EventDate "2011.01.29"]
[EventType "swiss"]
[EventRounds "9"]
[EventCountry "RUS"]
[SourceTitle "EXT 2022"]
[Source "ChessBase"]
[SourceDate "2021.10.06"]
[SourceVersion "1"]
[SourceVersionDate "2021.10.06"]
[SourceQuality "1"]

1. Nf3 Nf6 2. d4 g6 3. c4 Bg7 4. Nc3 0-0 5. e4 d6 6. Be2 e5 7. dxe5 dxe5 8. Qxd8 Rxd8 9. Bg5 Re8 10. Nd5 Nxd5 11. cxd5 c6 12. Bc4 cxd5 13. Bxd5 Na6 14. 0-0-0 Nc7 15. Bb3 Be6 16. Nd2 a5 17. Kb1 a4 18. Bc4 f5 19. f3 b5 20. Be2 Bf7 21. Be3 Rab8 22. Rc1 Ne6 23. Rhd1 Red8 24. Nf1 Rxd1 25. Bxd1 fxe4 26. fxe4 Nd4 27. Nd2 Rd8 28. Bg5 Re8 29. Bg4 h6 30. Be3 h5 31. Bd7 Re7 32. Rc8+ Kh7 33. Bh3 Bh6 34. Bxh6 Kxh6 35. Rc5 b4 36. Nf1 b3 37. a3 Be8 38. Ne3 Bb5 39. Kc1 Bd3 40. Kd2 Bxe4 41. Nc4 Nf5 42. Rxe5 Rd7+ 43. Kc3 Bc2 44. Re6 Rd1 45. Bxf5 Bxf5 46. Ne3 Rc1+ 47. Kd2 Bxe6 48. Kxc1 Kg5 49. g3 Kf6 50. Kd2 Ke5 51. Kd3 g5 52. Nd1 Bd5 53. Ke3 Bc6 54. Nf2 1/2-1/2

[Event "Moscow op-E"]
[Site "Moscow"]
[Date "2011.01.29"]
[Round "1.218"]
[White "Arkhipenko, Daniil"]
[Black "Kapustin, Nikolay"]
[Result "1-0"]
[WhiteElo "2155"]
[BlackElo "1728"]
[PlyCount "63"]
[EventDate "2011.01.29"]
[EventType "swiss"]
[EventRounds "9"]
[EventCountry "RUS"]
[SourceTitle "EXT 2022"]
[Source "ChessBase"]
[SourceDate "2021.10.06"]
[SourceVersion "1"]
[SourceVersionDate "2021.10.06"]
[SourceQuality "1"]

1. d4 Nf6 2. c4 g6 3. Nc3 Bg7 4. e4 d6 5. Be2 0-0 6. Nf3 c5 7. 0-0 cxd4 8. Nxd4 Nbd7 9. Be3 Nc5 10. f3 a6 11. Qd2 Ne8 12. Rfd1 Qa5 13. Nd5 Qd8 14. Bg5 f6 15. Be3 Kh8 16. Rac1 e6 17. Nc3 e5 18. Nc2 b6 19. b4 Nd7 20. c5 bxc5 21. bxc5 Bb7 22. Rb1 Qc8 23. cxd6 f5 24. Nb4 Rf7 25. Rbc1 Qd8 26. Bc4 Rf8 27. Bd5 Bxd5 28. Ncxd5 f4 29. Bf2 Rf7 30. Nc7 Nxc7 31. dxc7 Qc8 32. Qd5 1-0

[Event "Cheliabinsk Postovalov Memorial 5th"]
[Site "Cheliabinsk"]
[Date "2011.01.09"]
[Round "8"]
[White "Arkhipenko, Daniil"]
[Black "Matsenko, Andrei"]
[Result "1/2-1/2"]
[WhiteElo "2155"]
[BlackElo "2084"]
[PlyCount "48"]
[EventDate "2011.01.06"]
[EventType "swiss"]
[EventRounds "9"]
[EventCountry "RUS"]
[SourceTitle "CBM 140 Extra"]
[Source "ChessBase"]
[SourceDate "2011.03.01"]
[SourceVersion "1"]
[SourceVersionDate "2011.03.01"]
[SourceQuality "1"]

1. d4 d5 2. c4 c6 3. Nf3 Nf6 4. e3 Bf5 5. cxd5 cxd5 6. Qb3 Qb6 7. Qxb6 axb6 8. Nc3 Bd7 9. Ne5 Bc6 10. b4 e6 11. b5 Bd7 12. a4 Bb4 13. Bd2 0-0 14. Ne4 Bxd2+ 15. Nxd2 Rc8 16. Bd3 Be8 17. Ke2 Nbd7 18. Nef3 Kf8 19. Ra2 Ke7 20. Rha1 Kd6 21. Nb3 Ne4 22. Bxe4 dxe4 23. Nfd2 f5 24. f3 Nf6 1/2-1/2

[Event "Cheliabinsk Postovalov Memorial 5th"]
[Site "Cheliabinsk"]
[Date "2011.01.07"]
[Round "3"]
[White "Arkhipenko, Daniil"]
[Black "Frolov, Ivan"]
[Result "1-0"]
[WhiteElo "2155"]
[BlackElo "2202"]
[PlyCount "66"]
[EventDate "2011.01.06"]
[EventType "swiss"]
[EventRounds "9"]
[EventCountry "RUS"]
[SourceTitle "CBM 140 Extra"]
[Source "ChessBase"]
[SourceDate "2011.03.01"]
[SourceVersion "1"]
[SourceVersionDate "2011.03.01"]
[SourceQuality "1"]

1. d4 b6 2. e4 Bb7 3. Nc3 e6 4. Nge2 Nf6 5. f3 d5 6. e5 Nfd7 7. Be3 c5 8. f4 Nc6 9. Nb1 Qh4+ 10. Bf2 Qh5 11. Nd2 cxd4 12. Nxd4 Qxd1+ 13. Rxd1 Bc5 14. Nb5 Ke7 15. Nb3 Bxf2+ 16. Kxf2 Nc5 17. Nd6 Rab8 18. Bb5 Ba8 19. Bxc6 Bxc6 20. Nd4 Ba8 21. b4 Na6 22. c3 Nc7 23. Ke3 a6 24. Rhf1 f6 25. Rf3 Ne8 26. Nxe8 Rhxe8 27. Rh3 Rh8 28. Rg3 Rhg8 29. Rh3 h6 30. exf6+ gxf6 31. Kf2 e5 32. Nf5+ Ke6 33. Nxh6 Rh8 1-0

[Event "Cheliabinsk Panchenko Memorial 2nd"]
[Site "Cheliabinsk"]
[Date "2010.10.08"]
[Round "6"]
[White "Arkhipenko, Daniil"]
[Black "Smirnov, Boris"]
[Result "0-1"]
[WhiteElo "2135"]
[BlackElo "2167"]
[PlyCount "80"]
[EventDate "2010.10.04"]
[EventType "swiss"]
[EventRounds "9"]
[EventCountry "RUS"]
[SourceTitle "EXT 2011"]
[Source "ChessBase"]
[SourceDate "2010.11.26"]
[SourceVersion "1"]
[SourceVersionDate "2010.11.26"]
[SourceQuality "1"]

1. e4 c5 2. Nc3 e6 3. Bc4 Nc6 4. f4 a6 5. a4 Be7 6. d3 Nb4 7. Nf3 d5 8. Bb3 dxe4 9. dxe4 Qxd1+ 10. Kxd1 Nf6 11. Ne5 0-0 12. Ke2 b6 13. Be3 Bb7 14. Kf3 b5 15. axb5 axb5 16. Nxb5 Bxe4+ 17. Kf2 Nfd5 18. c3 Nd3+ 19. Nxd3 Bxd3 20. c4 Nb4 21. Rad1 Rfd8 22. Kf3 Rac8 23. Rd2 f5 24. Rhd1 Be4+ 25. Kg3 Rd3 26. Rxd3 Nxd3 27. Rd2 e5 28. h4 Rc6 29. fxe5 Rg6+ 30. Kh3 f4 31. Rxd3 Rg3+ 32. Kh2 Rxg2+ 33. Kh3 Rg3+ 34. Kh2 Bxd3 35. Bxf4 Rg4 36. Bg3 Bxc4 37. Bd1 Rxg3 38. Kxg3 Bxb5 39. Kf3 Kf7 40. Bb3+ c4 0-1

[Event "Cheliabinsk Region-ch"]
[Site "Cheliabinsk"]
[Date "2008.03.02"]
[Round "2"]
[White "Akst, Ilia"]
[Black "Arkhipenko, Daniil"]
[Result "1-0"]
[WhiteElo "2239"]
[BlackElo "2150"]
[PlyCount "101"]
[EventDate "2008.03.01"]
[EventType "swiss"]
[EventRounds "9"]
[EventCountry "RUS"]
[SourceTitle "CBM 123 Extra"]
[Source "ChessBase"]
[SourceDate "2008.05.06"]
[SourceVersion "1"]
[SourceVersionDate "2008.05.06"]
[SourceQuality "1"]

1. e4 d6 2. d4 Nf6 3. Nc3 g6 4. Nf3 Bg7 5. h3 0-0 6. Bg5 c6 7. Qd2 d5 8. Bd3 dxe4 9. Nxe4 Bf5 10. Nxf6+ exf6 11. Be3 Bxd3 12. Qxd3 Nd7 13. 0-0 Qc7 14. c4 f5 15. Rfd1 Rfe8 16. Qb3 h6 17. Rac1 Re4 18. d5 c5 19. Qc2 Qd6 20. b3 Rae8 21. Bd2 Re2 22. Re1 Nf6 23. Qd3 Rxe1+ 24. Rxe1 Rxe1+ 25. Bxe1 Ne4 26. g3 Kf8 27. Kg2 Qa6 28. a4 Qb6 29. a5 Qf6 30. b4 b6 31. axb6 axb6 32. Qb3 Qa1 33. bxc5 bxc5 34. Qb8+ Ke7 35. Qc7+ Ke8 36. d6 Bf6 37. d7+ Kf8 38. d8Q+ Bxd8 39. Qxd8+ Kg7 40. Qd5 Kf6 41. Bd2 Qb2 42. Be3 g5 43. Nd4 Nxg3 44. Qd6+ Kg7 45. Qxg3 cxd4 46. Qe5+ Kg6 47. Bxd4 Qb7+ 48. f3 Qd7 49. c5 Kh5 50. Qf6 Qd5 51. Bf2 1-0